| 000 | 00601nam a22002057a 4500 | ||
|---|---|---|---|
| 005 | 20170901142825.0 | ||
| 008 | 170901b2013 pe ||||| |||| 00| 0 spa d | ||
| 020 | _a9789972679490 | ||
| 040 |
_aCO-BoIAVH _cCO-BoIAVH |
||
| 041 | _aspa | ||
| 044 | _ape | ||
| 082 | 1 | 4 |
_a305.488985 _bC44s |
| 245 | 0 | 0 | _aSaberes, arte y mujeres indígenas |
| 260 |
_aQuito: _bChirapaq, _c2013. |
||
| 300 |
_a22 páginas _bfotos a color |
||
| 490 |
_aCuadernos para la Información _v2 |
||
| 650 | 0 |
_aMujeres indígenas _zPerú |
|
| 650 | 0 |
_aTejido a mano _xCultura Arawak _zPerú |
|
| 942 |
_2ddc _cFolleto |
||
| 999 |
_c19797 _d19797 |
||